Et si c'était la personne lourdement handicapée qui prenait soin de nous… ! (notice n° 1640866)
[ vue normale ]
| 000 -LEADER | |
|---|---|
| fixed length control field | 01365cam a2200217 4500500 |
| 005 - DATE AND TIME OF LATEST TRANSACTION | |
| control field | 20260201095727.0 |
| 041 ## - LANGUAGE CODE | |
| Language code of text/sound track or separate title | fre |
| 042 ## - AUTHENTICATION CODE | |
| Authentication code | dc |
| 100 10 - MAIN ENTRY--PERSONAL NAME | |
| Personal name | Cellot, Yves |
| Relator term | author |
| 245 00 - TITLE STATEMENT | |
| Title | Et si c'était la personne lourdement handicapée qui prenait soin de nous… ! |
| 260 ## - PUBLICATION, DISTRIBUTION, ETC. | |
| Date of publication, distribution, etc. | 2008.<br/> |
| 500 ## - GENERAL NOTE | |
| General note | 96 |
| 520 ## - SUMMARY, ETC. | |
| Summary, etc. | Résumé« En quoi la personne lourdement handicapée est-elle essentielle à notre monde ? Elle nous parle de l’être profond, dont nous sommes bien souvent en déficit. Être là, vivre au présent, être pleinement dans la relation sont les capacités et le savoir de l’être que les personnes lourdement handicapées nous enseignent. Mais plus encore elles nous interpellent sur notre humanité, sur les questions fondamentales et les valeurs qui traversent tout homme. Enfin les établissements où elles vivent, souvent perçus comme des lieux de moins de vie, se révèlent être des lieux de plus d’humanité importants pour notre communauté humaine. » |
| 690 ## - LOCAL SUBJECT ADDED ENTRY--TOPICAL TERM (OCLC, RLIN) | |
| Topical term or geographic name as entry element | capacité à être |
| 690 ## - LOCAL SUBJECT ADDED ENTRY--TOPICAL TERM (OCLC, RLIN) | |
| Topical term or geographic name as entry element | lieux d'humanité |
| 690 ## - LOCAL SUBJECT ADDED ENTRY--TOPICAL TERM (OCLC, RLIN) | |
| Topical term or geographic name as entry element | personnes lourdement handicapées |
| 690 ## - LOCAL SUBJECT ADDED ENTRY--TOPICAL TERM (OCLC, RLIN) | |
| Topical term or geographic name as entry element | prendre soin |
| 690 ## - LOCAL SUBJECT ADDED ENTRY--TOPICAL TERM (OCLC, RLIN) | |
| Topical term or geographic name as entry element | questions existentielles et valeurs humaines |
| 786 0# - DATA SOURCE ENTRY | |
| Note | Empan | 70 | 2 | 2008-08-19 | p. 71-78 | 1152-3336 |
| 856 41 - ELECTRONIC LOCATION AND ACCESS | |
| Uniform Resource Identifier | <a href="https://shs.cairn.info/revue-empan-2008-2-page-71?lang=fr&redirect-ssocas=7080">https://shs.cairn.info/revue-empan-2008-2-page-71?lang=fr&redirect-ssocas=7080</a> |
Pas d'exemplaire disponible.




Réseaux sociaux